RuPaul's Drag Race : Snatch Game - Statistics

General Stats
  • This quiz has been taken 1,165 times
  • The average score is 44 of 72
Answer Stats
Celebrity Impersonated Contestant % Correct
S2 : Britney Spears Tatianna
88%
S4 : Cher Chad Michaels
85%
S2 : Paris Hilton Raven
82%
S3 : Tyra Banks Raja
81%
S6 : Judge Judy Bianca Del Rio
80%
S4 : Michelle Visage Sharon Needles
80%
S5 : Lady Bunny Alaska
79%
S5 : Ke$ha Detox
79%
S6 : Anna Nicole Smith Adore Delano
76%
S5 : Katy Perry Alyssa Edwards
76%
S2 : Carol Channing Pandora Boxx
75%
S4 : Lady gaga Phi Phi O'Hara
75%
S2 : Beyoncé Tyra Sanchez
75%
S7 : Adele Ginger Minj
73%
S4 : Aretha Franklin Latrice Royale
73%
S6 : Maggie Smith BenDeLaCreme
72%
S5 : Tamar Braxton Roxxxy Andrews
72%
S2 : P!nk Morgan McMichaels
71%
S7: Big Ang Pearl
71%
S3 : Alicia Keys Alexis Mateo
69%
S3 : Amy Winehouse Yara Sofia
69%
S8 : Uzo Aduba + Carol Channing Bob the Drag Queen
68%
S2 : Kimora Lee Jujubee
68%
S3 : Imelda Marcos Manila Luzon
68%
S5 : Janet Jackson Coco Montrese
67%
S7 : Alyssa Edwards Violet Chachki
67%
S7 : Little Richard Kennedy Davenport
66%
S4 : Snooki Jiggly Caliente
65%
S8 : Kimmy Jong-un Kim Chi
65%
S6 : Kim Kardashian Gia Gunn
64%
S7 : Suzie Orman Katya
63%
S5 : Taylor Swift Jade Jolie
62%
S4 : Beyoncé Kenya Michaels
62%
S7 : Sharon Needles Max
62%
S6 : Fran Drescher Courtney Act
61%
S2 : Rupaul Jessica Wild
61%
S5 : Marilyn Monroe Ivy Winters
60%
S7 : Donatella Versace Miss Fame
60%
S2 : Lady Gaga Sonique
59%
S8 : Michael Jackson Thorgy Thor
59%
S4 : Jessica Simpson Willam
59%
S6 : Julia Child Milk
58%
S9 : Marlene Dietrich Sasha Velour
58%
S6 : Nicki Minaj Trinity K Bonet
58%
S3 : Tina Turner Shangela
57%
S8 : Tiffany Pollard Naomi Smalls
56%
S8 : Britney Spears Derrick Barry
55%
S9 : Miss Columbia Valentina
55%
S6 : Rachel Zoe Laganja Estranja
54%
S3 : Cher Delta work
53%
S4 : Diana Ross Milan
53%
S8 : Eartha Kitt Chi Chi DeVayne
52%
S9 : Liza Minelli Alexis Michelle
51%
S6 : Paula Deen Darienne Lake
51%
S8 : Nancy Grace Acid Betty
50%
S6 : Teresa Giudice Joslyn Fox
50%
S3 : Joan Crawford Mariah
50%
S9 : Naomi Campbell Shea Couleé
50%
S3 : Jennifer Lopez Carmen Carrera
49%
S9 : Nene Leakes Peppermint
49%
S2 : Whitney Houston Sahara Davenport
49%
S3 : Mo'Nique Stacy Layne Matthews
49%
S4 : Wendy Williams Dida Ritz
48%
S9 : Amanda Lepore Trinity Taylor
48%
S9 : Gigi Gorgeous Farrah Moan
47%
S9 : Jasmine Masters Nina Bo'nina Brown
44%
S9 : Sofia Vergara Cynthia Lee Fontaine
43%
S9 : Alyssa Edwards Aja
39%
S8 : Diana Vreeland Robbie Turner
36%
S7: Raven - Symoné Jaidynn Diore Fierce
32%
S5 : Celia Cruz Lineysha Sparx
29%
S5 : Little Edie Jinxk Monsoon
16%
No matching quizzes found
Score Distribution
Percent of People with Each Score
Percentile by Number Answered
Your Score History
You have not taken this quiz